[Event "Montreal op U2000"]
[Site "Montreal CAN"]
[Date "2011.09.10"]
[Round "3"]
[White "Pichette, Mickaelin"]
[Black "Mireault, Sylvain"]
[Result "1-0"]
[WhiteElo "1891"]
[BlackElo "1674"]
[PlyCount "58"]
[GameId "2160767909648539"]
[EventDate "2011.09.09"]
[EventType "swiss"]
[EventRounds "5"]
[EventCountry "CAN"]
[SourceTitle "EXT 2022"]
[Source "ChessBase"]
[SourceDate "2021.10.06"]
[SourceVersion "1"]
[SourceVersionDate "2021.10.06"]
[SourceQuality "1"]

1. d4 Nf6 2. c4 g6 3. Nc3 Bg7 4. e4 d6 5. f4 O-O 6. Nf3 Nbd7 7. Bd3 e5 8. fxe5 dxe5 9. dxe5 Ng4 10. Bg5 Qe8 11. Nd5 Ngxe5 12. Nxc7 Nxf3+ 13. Qxf3 Ne5 14. Nxe8 Nxf3+ 15. gxf3 Rxe8 16. O-O-O Be6 17. b3 a5 18. Kd2 h6 19. Be3 Red8 20. a4 g5 21. h4 Bd4 22. hxg5 Bxe3+ 23. Kxe3 hxg5 24. Rh5 f6 25. Rdh1 Rf8 26. Rh8+ Kf7 27. R8h6 Ke7 28. c5 Rac8 29. Bc4 Rfe8 1-0

[Event "Montreal op U2000"]
[Site "Montreal CAN"]
[Date "2011.09.10"]
[Round "3"]
[White "Pregent, Daniel"]
[Black "Girard, Sylvain"]
[Result "1-0"]
[WhiteElo "1809"]
[BlackElo "1605"]
[PlyCount "86"]
[GameId "2160767909648540"]
[EventDate "2011.09.09"]
[EventType "swiss"]
[EventRounds "5"]
[EventCountry "CAN"]
[SourceTitle "EXT 2022"]
[Source "ChessBase"]
[SourceDate "2021.10.06"]
[SourceVersion "1"]
[SourceVersionDate "2021.10.06"]
[SourceQuality "1"]

1. d4 Nf6 2. Nf3 c5 3. d5 e6 4. c4 exd5 5. cxd5 d6 6. Nc3 g6 7. h3 Bg7 8. e4 O-O 9. Bd3 b6 10. O-O Ba6 11. Re1 Nfd7 12. a4 Bxd3 13. Qxd3 a6 14. Bf4 Ne5 15. Nxe5 dxe5 16. Be3 Qd6 17. Qd2 Ra7 18. a5 f5 19. axb6 Qxb6 20. Na4 Qd8 21. Bxc5 Raf7 22. Bxf8 Qxf8 23. Nc3 Qd6 24. Ra5 Rb7 25. Ra4 Rb6 26. Rc4 Kf7 27. Na4 Rb5 28. Rec1 Rb7 29. Nc5 Re7 30. Qa5 Bh6 31. Ra1 Ra7 32. Ne6 Rd7 33. Rc7 fxe4 34. Rxd7+ Nxd7 35. Rd1 Nb8 36. Qc7+ Qxc7 37. Nxc7 Ke7 38. Ra1 Kd6 39. Nxa6 Nxa6 40. Rxa6+ Kxd5 41. Ra7 Bc1 42. Rxh7 g5 43. Rb7 Kc5 1-0

[Event "Montreal op U2000"]
[Site "Montreal CAN"]
[Date "2011.09.10"]
[Round "3"]
[White "Ramaswamy, Kiran"]
[Black "Blanchet, Robert"]
[Result "1-0"]
[WhiteElo "1963"]
[BlackElo "1770"]
[PlyCount "85"]
[GameId "2160767909648541"]
[EventDate "2011.09.09"]
[EventType "swiss"]
[EventRounds "5"]
[EventCountry "CAN"]
[SourceTitle "EXT 2022"]
[Source "ChessBase"]
[SourceDate "2021.10.06"]
[SourceVersion "1"]
[SourceVersionDate "2021.10.06"]
[SourceQuality "1"]

1. c4 Nf6 2. g3 g6 3. Bg2 Bg7 4. Nc3 c6 5. e4 d6 6. Nge2 O-O 7. O-O e5 8. d3 a6 9. a4 Bg4 10. h3 Be6 11. f4 exf4 12. gxf4 Nh5 13. f5 Bc8 14. Be3 a5 15. Qd2 Na6 16. Rf3 f6 17. h4 Nb4 18. Bh3 d5 19. Bc5 Re8 20. cxd5 cxd5 21. Bxb4 dxe4 22. Nxe4 Rxe4 23. dxe4 Qb6+ 24. Qd4 Qxb4 25. Qxb4 axb4 26. Rd1 gxf5 27. Rd8+ Kf7 28. Bxf5 Bxf5 29. Rxa8 Bxe4 30. Rb3 Bf8 31. Rxf8+ Kxf8 32. Rxb4 Bc6 33. Nd4 Bd5 34. Nf5 Ke8 35. Nd6+ Kd7 36. Nxb7 Ng3 37. a5 Kc7 38. a6 Nf5 39. Rb5 Be4 40. Nc5 Nd6 41. Rb4 Bc6 42. Ne6+ Kc8 43. a7 1-0

[Event "Montreal op U2000"]
[Site "Montreal CAN"]
[Date "2011.09.10"]
[Round "3"]
[White "Shi, Ling Yun"]
[Black "Cote-Lalumiere, Tristan"]
[Result "1/2-1/2"]
[WhiteElo "1569"]
[BlackElo "1911"]
[PlyCount "135"]
[GameId "2160767909648543"]
[EventDate "2011.09.09"]
[EventType "swiss"]
[EventRounds "5"]
[EventCountry "CAN"]
[SourceTitle "EXT 2022"]
[Source "ChessBase"]
[SourceDate "2021.10.06"]
[SourceVersion "1"]
[SourceVersionDate "2021.10.06"]
[SourceQuality "1"]

1. e4 c5 2. Nf3 d6 3. d4 cxd4 4. Nxd4 Nf6 5. Nc3 g6 6. Be3 Bg7 7. f3 Nc6 8. Qd2 O-O 9. O-O-O Bd7 10. Bc4 Rc8 11. Bb3 Ne5 12. g4 b5 13. g5 Nh5 14. f4 Nc4 15. Bxc4 Rxc4 16. b3 Rc8 17. Ncxb5 a6 18. Na3 a5 19. Nc4 a4 20. Kb1 axb3 21. cxb3 Rb8 22. Rc1 Bb5 23. Nb2 Bd7 24. Rhf1 Ra8 25. Ne2 Qb8 26. Bd4 Qb7 27. Nc3 Ra6 28. Bxg7 Nxg7 29. Nd5 Bc6 30. Rfe1 Rfa8 31. Nc3 Bd7 32. Rc2 Qxb3 33. Qd5 Qb4 34. Kc1 Be6 35. Qb5 Qd4 36. Qd3 Qxd3 37. Nxd3 Bxa2 38. Nb4 Bb3 39. Nxa6 Bxc2 40. Kxc2 Rxa6 41. Kb3 Ne6 42. Nd5 Ra7 43. Kb4 Nc5 44. Kb5 Kf8 45. Re3 e6 46. Nf6 Nd7 47. Nxd7+ Rxd7 48. Kc6 Rd8 49. Rh3 d5 50. exd5 Rxd5 51. Rxh7 Rd4 52. Rh4 e5 53. Kc5 Ra4 54. Kd5 exf4 55. Ke5 Ke7 56. Rg4 Ra2 57. Kxf4 Rxh2 58. Kg3 Re2 59. Ra4 Ke6 60. Ra6+ Ke7 61. Ra7+ Ke6 62. Ra6+ Kf5 63. Rf6+ Kxg5 64. Rxf7 Re3+ 65. Kg2 Kg4 66. Rf2 Rg3+ 67. Kh2 g5 68. Ra2 1/2-1/2

[Event "Montreal op U2000"]
[Site "Montreal CAN"]
[Date "2011.09.10"]
[Round "3"]
[White "Turcotte, Jonathan"]
[Black "Mathieu, Guillaume"]
[Result "1-0"]
[WhiteElo "1982"]
[BlackElo "1613"]
[PlyCount "76"]
[GameId "2160767909648544"]
[EventDate "2011.09.09"]
[EventType "swiss"]
[EventRounds "5"]
[EventCountry "CAN"]
[SourceTitle "EXT 2022"]
[Source "ChessBase"]
[SourceDate "2021.10.06"]
[SourceVersion "1"]
[SourceVersionDate "2021.10.06"]
[SourceQuality "1"]

1. d4 Nf6 2. c4 g6 3. Nc3 Bg7 4. e4 d6 5. Nf3 O-O 6. Be2 e5 7. O-O Nc6 8. d5 Ne7 9. b4 a5 10. bxa5 Nd7 11. a4 f5 12. Ba3 Rxa5 13. Bb4 Ra8 14. Nd2 fxe4 15. Ndxe4 Nf5 16. c5 dxc5 17. Nxc5 Nxc5 18. Bxc5 Re8 19. Ne4 Nd4 20. Bc4 Bf5 21. f3 b6 22. Bb4 Kh8 23. Qc1 Bxe4 24. fxe4 Qh4 25. Qb1 b5 26. Be1 Qg5 27. Bxb5 Nxb5 28. Qxb5 Qe3+ 29. Bf2 Qxe4 30. a5 Qg4 31. Qa4 e4 32. a6 Qg5 33. a7 e3 34. Bg3 Be5 35. Bh4 Qh6 36. Kh1 g5 37. Rf7 Qxh4 38. Qxh4 gxh4 1-0

[Event "Montreal op U2000"]
[Site "Montreal CAN"]
[Date "2011.09.11"]
[Round "4"]
[White "Barko, Maxim"]
[Black "Wu, Qiyou"]
[Result "1-0"]
[WhiteElo "1774"]
[BlackElo "1903"]
[PlyCount "97"]
[GameId "2160767909648545"]
[EventDate "2011.09.09"]
[EventType "swiss"]
[EventRounds "5"]
[EventCountry "CAN"]
[SourceTitle "EXT 2022"]
[Source "ChessBase"]
[SourceDate "2021.10.06"]
[SourceVersion "1"]
[SourceVersionDate "2021.10.06"]
[SourceQuality "1"]

1. d4 d5 2. Nf3 Nf6 3. c4 e6 4. Nc3 Be7 5. Bf4 O-O 6. e3 c6 7. Bd3 Nbd7 8. O-O dxc4 9. Bxc4 b5 10. Bd3 a6 11. Rc1 Bb7 12. Bb1 c5 13. Re1 Rc8 14. Qd3 b4 15. Na4 Qa5 16. b3 Be4 17. Qd2 Bxb1 18. Rxb1 cxd4 19. exd4 Rfd8 20. Bg5 Nb6 21. Nxb6 Qxb6 22. Rbc1 Rxc1 23. Qxc1 h6 24. Bd2 Nd5 25. Qc4 Bf6 26. Ne5 a5 27. Rc1 Ne7 28. Be3 Nf5 29. Qc6 Qxc6 30. Nxc6 Rd5 31. Rc5 Rxc5 32. dxc5 Nxe3 33. fxe3 Kf8 34. Nxa5 Ke8 35. c6 Kd8 36. Kf2 Kc7 37. Ke2 Kb6 38. Kd3 Bd8 39. Nc4+ Kxc6 40. Ne5+ Kd5 41. Nxf7 Bc7 42. e4+ Kc6 43. Kc4 Kd7 44. e5 Kc6 45. Kxb4 Kd5 46. a4 h5 47. Kb5 Kd4 48. a5 Bb8 49. Kb6 1-0

[Event "Montreal op U2000"]
[Site "Montreal CAN"]
[Date "2011.09.11"]
[Round "4"]
[White "Cardin, Guillaume"]
[Black "Gilbert, Erick"]
[Result "1/2-1/2"]
[WhiteElo "1947"]
[BlackElo "1805"]
[PlyCount "99"]
[GameId "2160767909648546"]
[EventDate "2011.09.09"]
[EventType "swiss"]
[EventRounds "5"]
[EventCountry "CAN"]
[SourceTitle "EXT 2022"]
[Source "ChessBase"]
[SourceDate "2021.10.06"]
[SourceVersion "1"]
[SourceVersionDate "2021.10.06"]
[SourceQuality "1"]

1. d4 Nf6 2. c4 d5 3. cxd5 Nxd5 4. e4 Nb6 5. h3 e6 6. Nf3 c5 7. Nc3 cxd4 8. Nxd4 a6 9. Be3 Be7 10. a4 O-O 11. a5 N6d7 12. Bc4 Ne5 13. Bb3 Bg5 14. Bxg5 Qxg5 15. O-O Nec6 16. Kh1 Rd8 17. Nf3 Rxd1 18. Nxg5 Rxf1+ 19. Rxf1 h6 20. Nf3 Nxa5 21. Rd1 Nbc6 22. Bc2 b5 23. e5 Bb7 24. Rd7 Rd8 25. Rc7 Rc8 26. Rd7 Nb8 27. Rd4 Nc4 28. b3 Bxf3 29. bxc4 Nc6 30. Rd6 Nb4 31. Bb1 Bh5 32. cxb5 axb5 33. g4 Bg6 34. Bxg6 fxg6 35. Nxb5 Nd5 36. Rxe6 Nf4 37. Ra6 Re8 38. Nd6 Rxe5 39. Ra8+ Kh7 40. h4 Re7 41. Kh2 Ne6 42. Kg3 g5 43. h5 g6 44. hxg6+ Kxg6 45. Nf5 Rh7 46. Ra6 Kf6 47. Nd4 Re7 48. Kf3 Re8 49. Kg2 Ke5 50. Rxe6+ 1/2-1/2

[Event "Montreal op U2000"]
[Site "Montreal CAN"]
[Date "2011.09.11"]
[Round "4"]
[White "Chang, Michael"]
[Black "Sarrazin-Gendron, Roman"]
[Result "1-0"]
[WhiteElo "1779"]
[BlackElo "1954"]
[PlyCount "34"]
[GameId "2160767909648547"]
[EventDate "2011.09.09"]
[EventType "swiss"]
[EventRounds "5"]
[EventCountry "CAN"]
[SourceTitle "EXT 2022"]
[Source "ChessBase"]
[SourceDate "2021.10.06"]
[SourceVersion "1"]
[SourceVersionDate "2021.10.06"]
[SourceQuality "1"]

1. c4 Nf6 2. Nc3 g6 3. d3 Bg7 4. g3 O-O 5. Bg2 d6 6. e4 c5 7. Nge2 Nc6 8. a3 e6 9. O-O Ne8 10. Rb1 a5 11. Kh1 Nc7 12. Bd2 Bd7 13. f4 f5 14. Be3 Qe7 15. d4 b6 16. d5 fxe4 17. dxc6 Bxc6 1-0

[Event "Montreal op U2000"]
[Site "Montreal CAN"]
[Date "2011.09.11"]
[Round "4"]
[White "Desmarais, Serge"]
[Black "Cote-Lalumiere, Tristan"]
[Result "0-1"]
[WhiteElo "1654"]
[BlackElo "1911"]
[PlyCount "66"]
[GameId "2160767909648548"]
[EventDate "2011.09.09"]
[EventType "swiss"]
[EventRounds "5"]
[EventCountry "CAN"]
[SourceTitle "EXT 2022"]
[Source "ChessBase"]
[SourceDate "2021.10.06"]
[SourceVersion "1"]
[SourceVersionDate "2021.10.06"]
[SourceQuality "1"]

1. d4 Nf6 2. c4 c5 3. d5 b5 4. cxb5 a6 5. Nc3 d6 6. Bg5 Nbd7 7. e4 g6 8. Nf3 Bg7 9. h3 O-O 10. Qd2 Re8 11. Be2 Qb6 12. bxa6 Bxa6 13. O-O Rec8 14. Bxa6 Rxa6 15. Be3 Rb8 16. Qe2 Qb7 17. Rfc1 Nb6 18. Nd2 Na4 19. Nxa4 Rxa4 20. b3 Rxe4 21. Nxe4 Nxe4 22. Rab1 Nc3 23. Qd3 Nxb1 24. Rxb1 Qb4 25. a4 c4 26. Qe4 cxb3 27. Qxe7 b2 28. a5 Qxa5 29. Qxd6 Rd8 30. Qc6 Qxd5 31. Qc2 Qa2 32. Kf1 Ra8 33. Bc1 Qxb1 0-1

[Event "Montreal op U2000"]
[Site "Montreal CAN"]
[Date "2011.09.11"]
[Round "4"]
[White "Dion, Etienne"]
[Black "Bleau, John"]
[Result "0-1"]
[WhiteElo "1878"]
[BlackElo "1966"]
[PlyCount "106"]
[GameId "2160767909648549"]
[EventDate "2011.09.09"]
[EventType "swiss"]
[EventRounds "5"]
[EventCountry "CAN"]
[SourceTitle "EXT 2022"]
[Source "ChessBase"]
[SourceDate "2021.10.06"]
[SourceVersion "1"]
[SourceVersionDate "2021.10.06"]
[SourceQuality "1"]

1. e4 c5 2. Nf3 d6 3. d4 cxd4 4. Nxd4 Nf6 5. Nc3 g6 6. Bc4 Nbd7 7. f3 Bg7 8. Be3 O-O 9. Qd2 a6 10. O-O-O Qc7 11. Bb3 Nc5 12. Bh6 Nxb3+ 13. cxb3 Bxh6 14. Qxh6 d5 15. Kb1 dxe4 16. fxe4 Qe5 17. Nf3 Qh5 18. Qxh5 Nxh5 19. Nd5 e6 20. Nb6 Rb8 21. Ne5 Nf6 22. Rhe1 Kg7 23. Nec4 e5 24. Nxe5 Re8 25. Ned7 Bxd7 26. Nxd7 Nxd7 27. Rxd7 Re6 28. Rf1 Rf6 29. Rf3 h5 30. e5 Rxf3 31. gxf3 g5 32. e6 Kf6 33. e7 Re8 34. Rxb7 Rxe7 35. Rxe7 Kxe7 36. Kc2 Kd6 37. b4 f5 38. Kd3 Kd5 39. h3 h4 40. Ke3 Kc4 41. a3 Kd5 42. f4 g4 43. hxg4 fxg4 44. b3 h3 45. Kf2 h2 46. Kg2 g3 47. a4 Ke4 48. b5 Ke3 49. bxa6 h1=Q+ 50. Kxh1 Kf2 51. a7 g2+ 52. Kh2 g1=Q+ 53. Kh3 Qg3# 0-1

[Event "Montreal op U2000"]
[Site "Montreal CAN"]
[Date "2011.09.11"]
[Round "4"]
[White "Dominique, Vladimir"]
[Black "Langlois-Remillard, Alexis"]
[Result "1-0"]
[WhiteElo "1829"]
[BlackElo "1595"]
[PlyCount "79"]
[GameId "2160767909648550"]
[EventDate "2011.09.09"]
[EventType "swiss"]
[EventRounds "5"]
[EventCountry "CAN"]
[SourceTitle "EXT 2022"]
[Source "ChessBase"]
[SourceDate "2021.10.06"]
[SourceVersion "1"]
[SourceVersionDate "2021.10.06"]
[SourceQuality "1"]

1. e4 Nc6 2. d4 d5 3. e5 Bf5 4. c3 f6 5. f4 e6 6. Be3 Nh6 7. Nf3 Qd7 8. Bb5 a6 9. Ba4 b5 10. Bc2 Na5 11. O-O c5 12. a4 b4 13. Nbd2 Rc8 14. Nb3 Nc4 15. Re1 bxc3 16. bxc3 cxd4 17. Nbxd4 Bxc2 18. Qxc2 fxe5 19. fxe5 Nf7 20. Kh1 Bc5 21. Nf5 O-O 22. Ng3 Qc7 23. Ng5 Nxg5 24. Bxg5 Nxe5 25. Qe2 Bd6 26. Qxa6 Nf7 27. Bd2 Bxg3 28. hxg3 e5 29. Qe6 d4 30. cxd4 exd4 31. Rac1 Qb7 32. Rxc8 Qxc8 33. a5 Qc2 34. Bb4 d3 35. Bxf8 d2 36. Rf1 Qc7 37. Bd6 Qxd6 38. Qxf7+ Kh8 39. Qf8+ Qxf8 40. Rxf8# 1-0

[Event "Montreal op U2000"]
[Site "Montreal CAN"]
[Date "2011.09.11"]
[Round "4"]
[White "Gerard, Patrice"]
[Black "Shi, Yang Tian Jiao (Sky"]
[Result "1-0"]
[WhiteElo "1859"]
[BlackElo "1613"]
[PlyCount "105"]
[GameId "2160767909648551"]
[EventDate "2011.09.09"]
[EventType "swiss"]
[EventRounds "5"]
[EventCountry "CAN"]

1. c4 e5 2. g3 g6 3. Bg2 Bg7 4. Nc3 Nf6 5. e3 d6 6. Nge2 O-O 7. O-O Nc6 8. b3 Bf5 9. d4 exd4 10. Nxd4 Nxd4 11. exd4 c6 12. Bg5 Qd7 13. Qd2 Rfe8 14. Rfe1 Rxe1+ 15. Rxe1 Re8 16. Rxe8+ Qxe8 17. d5 cxd5 18. cxd5 a6 19. Nd1 Ne4 20. Qe3 Kf8 21. Bh6 Qe5 22. Bxg7+ Kxg7 23. Bxe4 Qxe4 24. Qxe4 Bxe4 25. Ne3 h5 26. f4 b5 27. Kf2 a5 28. Ke2 Kf6 29. Kd2 g5 30. Kc3 gxf4 31. gxf4 Ke7 32. a4 bxa4 33. bxa4 Kd7 34. Kc4 Kc7 35. Kb5 Kb7 36. Kxa5 Bd3 37. Kb4 Ba6 38. h4 Bd3 39. Nc4 Kc7 40. Kc3 Be4 41. Kd4 Bf5 42. a5 Bc8 43. Nb6 Ba6 44. Ke4 Kd8 45. Kf5 Ke7 46. Kg5 Be2 47. Na4 f6+ 48. Kg6 Bb5 49. Nc3 Be8+ 50. Kh6 Kd8 51. a6 Kc7 52. Ne4 f5 53. Nxd6 1-0

[Event "Montreal op U2000"]
[Site "Montreal CAN"]
[Date "2011.09.11"]
[Round "4"]
[White "Giroux, Robert"]
[Black "Wang, Yan"]
[Result "1/2-1/2"]
[WhiteElo "1834"]
[BlackElo "1587"]
[PlyCount "119"]
[GameId "2160767909648552"]
[EventDate "2011.09.09"]
[EventType "swiss"]
[EventRounds "5"]
[EventCountry "CAN"]
[SourceTitle "EXT 2022"]
[Source "ChessBase"]
[SourceDate "2021.10.06"]
[SourceVersion "1"]
[SourceVersionDate "2021.10.06"]
[SourceQuality "1"]

1. d4 d5 2. Nf3 Nf6 3. c4 c6 4. e3 e6 5. b3 Be7 6. Bd3 O-O 7. O-O c5 8. Bb2 Nc6 9. Nbd2 Nb4 10. Bb1 b6 11. Ne5 Bb7 12. Qf3 Nd7 13. Nxd7 Qxd7 14. Qh3 f5 15. Nf3 Nc6 16. cxd5 Qxd5 17. dxc5 Qxc5 18. Bd3 Bf6 19. Rac1 Qe7 20. Bxf6 Qxf6 21. e4 Nb4 22. e5 Qe7 23. Bb1 Nd5 24. Rfd1 Rac8 25. Rc4 Rxc4 26. bxc4 Nc7 27. Qg3 Rd8 28. Qf4 Qb4 29. Qh4 Rd7 30. Rf1 Qc3 31. Ng5 h6 32. Nxe6 Nxe6 33. Bxf5 Qxe5 34. Qh5 Kf8 35. Qg4 Rd6 36. Bxe6 Qxe6 37. Qf4+ Qf6 38. Qg3 Bc6 39. Re1 g5 40. Qa3 a5 41. c5 bxc5 42. Qxc5 a4 43. Rd1 Ke7 44. h3 Kd7 45. Qa7+ Ke6 46. Re1+ Kf5 47. Qh7+ Qg6 48. g4+ Kf4 49. Qe7 Be4 50. Rxe4+ Qxe4 51. Qxd6+ Kf3 52. Qf6+ Ke2 53. Qb2+ Kd3 54. Qb1+ Kd4 55. Qb4+ Kd3 56. Qb5+ Kd2 57. Qb2+ Kd3 58. Qb5+ Qc4 59. Qf5+ Kd2 60. Qd7+ 1/2-1/2

[Event "Montreal op U2000"]
[Site "Montreal CAN"]
[Date "2011.09.11"]
[Round "4"]
[White "Hayne, Alexander"]
[Black "Joanis, Marc-Andre"]
[Result "1-0"]
[WhiteElo "1737"]
[BlackElo "1767"]
[PlyCount "87"]
[GameId "2160767909648553"]
[EventDate "2011.09.09"]
[EventType "swiss"]
[EventRounds "5"]
[EventCountry "CAN"]
[SourceTitle "EXT 2022"]
[Source "ChessBase"]
[SourceDate "2021.10.06"]
[SourceVersion "1"]
[SourceVersionDate "2021.10.06"]
[SourceQuality "1"]

1. e4 c5 2. Nf3 d6 3. d4 cxd4 4. Nxd4 Nf6 5. Nc3 Nc6 6. Be3 Ng4 7. Bb5 Nxe3 8. Nxc6 Nxd1 9. Nxd8+ Kxd8 10. Rxd1 a6 11. Be2 e6 12. O-O Be7 13. f4 Kc7 14. Rf3 Bd7 15. Rg3 Rhg8 16. Bd3 Bf6 17. Kf1 Bxc3 18. bxc3 g6 19. Re3 Rge8 20. Be2 Bc6 21. e5 d5 22. c4 Red8 23. cxd5 Bxd5 24. Rc3+ Bc6 25. Rxd8 Rxd8 26. Bf3 Rd4 27. g3 Kb6 28. Bxc6 bxc6 29. Ke2 c5 30. Rb3+ Kc7 31. Ra3 Kb6 32. c3 Rd5 33. Kf3 c4 34. Kg4 Ra5 35. Rxa5 Kxa5 36. Kg5 Ka4 37. Kf6 Ka3 38. Kxf7 Kxa2 39. Kxe6 Kb3 40. Kd6 a5 41. e6 a4 42. e7 a3 43. e8=Q a2 44. Qe1 1-0

[Event "Montreal op U2000"]
[Site "Montreal CAN"]
[Date "2011.09.11"]
[Round "4"]
[White "Lalonde, Paul"]
[Black "Pomerantz, Daniel"]
[Result "1-0"]
[WhiteElo "1878"]
[BlackElo "1927"]
[PlyCount "117"]
[GameId "2160767909648554"]
[EventDate "2011.09.09"]
[EventType "swiss"]
[EventRounds "5"]
[EventCountry "CAN"]
[SourceTitle "EXT 2022"]
[Source "ChessBase"]
[SourceDate "2021.10.06"]
[SourceVersion "1"]
[SourceVersionDate "2021.10.06"]
[SourceQuality "1"]

1. e4 c5 2. Nf3 Nc6 3. Bc4 e6 4. d4 cxd4 5. Nxd4 a6 6. O-O Nf6 7. Nc3 b5 8. Nxc6 dxc6 9. Qxd8+ Kxd8 10. Rd1+ Kc7 11. Bf4+ Kb7 12. Be2 Bb4 13. f3 Nh5 14. Be3 e5 15. Rd3 Be6 16. Rad1 Ba5 17. g3 Rad8 18. Kf2 Rxd3 19. Rxd3 Rd8 20. Rxd8 Bxd8 21. a3 Nf6 22. Bc5 Nd7 23. Be3 Bb6 24. Bxb6 Kxb6 25. Ke3 Kc5 26. f4 f6 27. b3 Kd6 28. Bf3 Nc5 29. Be2 Bd7 30. Nd1 Ne6 31. c3 Be8 32. b4 exf4+ 33. gxf4 g5 34. fxg5 fxg5 35. Bg4 h5 36. Bf5 Bd7 37. Nf2 Nf8 38. Kd4 g4 39. e5+ Ke7 40. Ke4 Bxf5+ 41. Kxf5 Nd7 42. Nd3 Nb6 43. Nf4 Na4 44. Ne2 c5 45. bxc5 Nxc5 46. Nf4 Kf7 47. e6+ Ke8 48. Nxh5 Ke7 49. Nf4 a5 50. Nd5+ Kd6 51. e7 Kd7 52. Kxg4 Ne4 53. Kf5 Nxc3 54. Nxc3 b4 55. axb4 axb4 56. Nd5 b3 57. Kf6 b2 58. Nc3 Ke8 59. h4 1-0

[Event "Montreal op U2000"]
[Site "Montreal CAN"]
[Date "2011.09.11"]
[Round "4"]
[White "Lalumiere, Claude"]
[Black "Guo, Forest"]
[Result "0-1"]
[WhiteElo "1778"]
[BlackElo "1897"]
[PlyCount "82"]
[GameId "2160767909648555"]
[EventDate "2011.09.09"]
[EventType "swiss"]
[EventRounds "5"]
[EventCountry "CAN"]
[SourceTitle "EXT 2022"]
[Source "ChessBase"]
[SourceDate "2021.10.06"]
[SourceVersion "1"]
[SourceVersionDate "2021.10.06"]
[SourceQuality "1"]

1. e4 c5 2. Nf3 d6 3. d4 cxd4 4. Nxd4 Nf6 5. Nc3 a6 6. Bg5 e6 7. f4 Qc7 8. Be2 Be7 9. Qd3 Nbd7 10. Nb3 b5 11. Bf3 Bb7 12. Bh4 Rc8 13. a3 h6 14. Bf2 Bc6 15. Rd1 Nb6 16. Nd2 Bb7 17. O-O Nc4 18. Nxc4 Qxc4 19. Qe3 Nd7 20. Rfe1 O-O 21. h3 Rfd8 22. Kh2 Qc7 23. g4 Bf6 24. e5 dxe5 25. Bxb7 Qxb7 26. Ne4 exf4 27. Qe2 Qc7 28. Kg1 Bxb2 29. Nd6 Rb8 30. Nxf7 Kxf7 31. Qxe6+ Kf8 32. Rd5 Nf6 33. Bc5+ Qxc5+ 34. Rxc5 Bd4+ 35. Kg2 Bxc5 36. Qb3 Rd2+ 37. Kh1 Rbd8 38. Qc3 Bf2 39. Qb4+ Kg8 40. Re7 Bg3 41. Qb3+ Kh7 0-1

[Event "Montreal op U2000"]
[Site "Montreal CAN"]
[Date "2011.09.11"]
[Round "4"]
[White "Manailoiu, Dragos"]
[Black "Boudkeev, Timour"]
[Result "1-0"]
[WhiteElo "1731"]
[BlackElo "1849"]
[PlyCount "95"]
[GameId "2160767909648557"]
[EventDate "2011.09.09"]
[EventType "swiss"]
[EventRounds "5"]
[EventCountry "CAN"]
[SourceTitle "EXT 2022"]
[Source "ChessBase"]
[SourceDate "2021.10.06"]
[SourceVersion "1"]
[SourceVersionDate "2021.10.06"]
[SourceQuality "1"]

1. d4 Nf6 2. Nc3 g6 3. e4 d6 4. f4 Bg7 5. Nf3 O-O 6. Bd3 Nc6 7. O-O Ng4 8. d5 Nd4 9. h3 Nxf3+ 10. Qxf3 Nf6 11. Bd2 Nd7 12. Kh1 Nc5 13. Bc4 Bd7 14. b4 Na4 15. Rae1 a6 16. e5 dxe5 17. fxe5 Nxc3 18. Bxc3 e6 19. dxe6 Bxe6 20. Bxe6 fxe6 21. Qxb7 Qd5 22. Qxd5 exd5 23. Bd4 Rxf1+ 24. Rxf1 Rf8 25. Rxf8+ Kxf8 26. Kh2 Ke7 27. Kg3 Ke6 28. Kf4 Bh6+ 29. Kg4 Bg7 30. Kf4 h6 31. h4 c6 32. g3 Bh8 33. c3 Bg7 34. a4 Bh8 35. a5 Bg7 36. Ke3 Bxe5 37. Bxe5 Kxe5 38. Kd3 g5 39. c4 g4 40. cxd5 Kxd5 41. h5 c5 42. bxc5 Kxc5 43. Ke4 Kb5 44. Kf5 Kxa5 45. Kg6 Kb4 46. Kxh6 a5 47. Kg6 a4 48. h6 1-0

[Event "Montreal op U2000"]
[Site "Montreal CAN"]
[Date "2011.09.11"]
[Round "4"]
[White "Mathieu, Guillaume"]
[Black "Pregent, Daniel"]
[Result "0-1"]
[WhiteElo "1613"]
[BlackElo "1809"]
[PlyCount "67"]
[GameId "2160767909648558"]
[EventDate "2011.09.09"]
[EventType "swiss"]
[EventRounds "5"]
[EventCountry "CAN"]
[SourceTitle "EXT 2022"]
[Source "ChessBase"]
[SourceDate "2021.10.06"]
[SourceVersion "1"]
[SourceVersionDate "2021.10.06"]
[SourceQuality "1"]

1. c4 Nf6 2. Nc3 e6 3. g3 c6 4. d4 d5 5. Nf3 Nbd7 6. Bg2 Bd6 7. O-O O-O 8. Nd2 e5 9. dxe5 Bxe5 10. cxd5 Bxc3 11. bxc3 cxd5 12. c4 Ne5 13. cxd5 Nxd5 14. Qb3 Nb6 15. Qb5 Re8 16. Nf3 Bd7 17. Qb4 Bc6 18. Bb2 Nec4 19. e3 Nxb2 20. Qxb2 Nc4 21. Qd4 b5 22. Qxd8 Raxd8 23. Nd4 Bxg2 24. Kxg2 a6 25. a4 b4 26. Rfc1 Rc8 27. a5 Na3 28. Rc6 Ra8 29. Rac1 Reb8 30. Rc7 h6 31. Nc2 Nb5 32. Rc6 b3 33. Nd4 b2 34. Rd1 0-1

[Event "Montreal op U2000"]
[Site "Montreal CAN"]
[Date "2011.09.11"]
[Round "4"]
[White "Mireault, Sylvain"]
[Black "Morin, Louis"]
[Result "1/2-1/2"]
[WhiteElo "1674"]
[BlackElo "1861"]
[PlyCount "132"]
[GameId "2160767909648559"]
[EventDate "2011.09.09"]
[EventType "swiss"]
[EventRounds "5"]
[EventCountry "CAN"]
[SourceTitle "EXT 2022"]
[Source "ChessBase"]
[SourceDate "2021.10.06"]
[SourceVersion "1"]
[SourceVersionDate "2021.10.06"]
[SourceQuality "1"]

1. Nf3 c5 2. d3 Nc6 3. g3 e5 4. Bg2 d5 5. Nbd2 Be6 6. e4 d4 7. O-O Be7 8. Kh1 h5 9. Nc4 Bxc4 10. dxc4 h4 11. h3 Nh6 12. Ne1 hxg3 13. fxg3 Bg5 14. Nd3 Bxc1 15. Rxc1 Qd6 16. a3 Qg6 17. Qf3 Ng4 18. Nxc5 Ne3 19. Rf2 Nd8 20. c3 Qh6 21. Re1 Nxg2 22. Qxg2 dxc3 23. b3 Qxh3+ 24. Qxh3 Rxh3+ 25. Kg2 Rh6 26. Rh1 Rxh1 27. Kxh1 Rc8 28. Na4 b5 29. Nxc3 bxc4 30. b4 Nb7 31. Rd2 Rd8 32. Rxd8+ Kxd8 33. Kg2 a5 34. b5 Nc5 35. Kf3 Kd7 36. Nd5 Na4 37. Ne3 c3 38. Ke2 c2 39. Kd2 Nc3 40. Kxc2 Nxe4 41. Nc4 f6 42. Nxa5 Nxg3 43. Nc4 Nf5 44. a4 Nd6 45. Ne3 Kc7 46. Nd5+ Kb7 47. Kd3 f5 48. Ne7 f4 49. Ng6 e4+ 50. Ke2 f3+ 51. Kf2 Kb6 52. Nf4 Ka5 53. Ne6 g6 54. Ng5 Kxa4 55. b6 Kb5 56. b7 Nxb7 57. Nxe4 Kc4 58. Kxf3 Kd5 59. Kf4 Ke6 60. Kg5 Kf7 61. Nc3 Nd8 62. Nd5 Ne6+ 63. Kg4 Kg7 64. Ne7 g5 65. Kf5 Kf7 66. Nd5 Ng7+ 1/2-1/2